Регионална библиотека "Любен Каравелов" - Русе

Робинзон (Запис номер 155752)

MARC детайли
000 -Лидер
Контролно поле с фиксирана дължина 01319nam a2200325 c 4500
003 - Код на организацията, давaща контролен номер
Контролно поле BLK
005 - Дата и час на последна редакция
Контролно поле 20180422113406.0
008 - Елементи от данни с фиксирана дължина
fixed length control field 180410b bul|||||r ||||||| ||bul||
010 ## - Наследен системен номер
LC control number KNG00162480000
040 ## - Източник на каталожния запис
Идентификатор на билиотеката - собственик на записа BLK
041 ## - Код за език
Код за езика на текст/звукозапис или на отделно заглавие Български
Код за езика КДБФ Български
072 #7 - Код за тематичната категория
Код организация bullib
Код за тематична категория С
Текст Старопечатен фонд
080 ## - УДК
Текстов определител УДК Английска литература
УДК код - определител по УДК 821.111
УДК определител -93-91
УДК - код + определител 821.111-93-91
100 1# - Редна дума - Автор
Автор Дефо, Даниел
Авторска отговорност първи автор
R(LIN) 371409
139 ## - Редно поле
Редна дума Дефо, Даниел
Авторски знак Деф - Д 46
245 10 - Сведения за заглавието
Заглавие Робинзон
Подзаглавни данни Скратена приказка за детца
Редно поле (дума) Даниел Дефо; прев. Йоаким Груев; изд. Ячо Ганчев Трувчев; изд. Христо Груев Данов.
257 ## - Страна на издаване
Страна на създаване/издаване Великобритания
260 ## - Област на издателските данни
-- Белград
Година на издаване 1858
Печатница Белград : У правителствената книгопечятня
300 ## - Физическа характеристика
Страници 23 с.
Размери/Мащаб 14 см
380 ## - Жанр
Жанр Худож. лит.
659 ## - Тематичен бюлетин
Тематичен бюлетин С
700 1# - Други автори (авторска отговорност)
Лично име Груев, Йоаким
Автороска отговорност (Описва отношението между автора и произведението) прев.
Друга информация Пройчев, Йоаким Груев
9 (RLIN) 368359
700 1# - Други автори (авторска отговорност)
Лично име Трувчев, Ячо Ганчев
Автороска отговорност (Описва отношението между автора и произведението) изд.
9 (RLIN) 131598
700 1# - Други автори (авторска отговорност)
Лично име Данов, Христо Груев
Автороска отговорност (Описва отношението между автора и произведението) изд.
9 (RLIN) 367565
852 ## - Местоположение
Форматна сигнатура Цб Ст 1419 * 429
856 4# - Електронен адрес и достъп
Електронен формат pdf - файл
Път до файла /url/
856 4# - Електронен адрес и достъп
Електронен формат pdf - файл
Път до файла /url/
942 ## - АРТИКУЛИ
Вид на библиотечния материал Книги
Скрит в OPAC Не
944 ## - СЪЗДАВАНЕ И РЕДАКЦИЯ на ЗАПИСА
Създаване/Редакция Създаване
Дата на регистрацията/редакция 25.06.2014
Служител, извършил регистрацията/редакцията Христина_Везирева
944 ## - СЪЗДАВАНЕ И РЕДАКЦИЯ на ЗАПИСА
Създаване/Редакция Редакция
Дата на регистрацията/редакция 25.06.2014
Служител, извършил регистрацията/редакцията
999 ## - СИСТЕМНИ КОНТРОЛНИ НОМЕРА
Koha biblionumber 155752
Koha biblioitemnumber 155752
Наличности
Код за отписване Код за изгубен артикул Източник на класификационната схема Код за повреда Коз за рестрикции Код за отдаване Артикулен № Име на библиотеката - собственик Име на библиотеката, в която се намира в момента Статус (Текущо местоположение) Дата на вписване в системата Местоположение - отдел Цена в лева Инвентарен номер Систематично азбучна сигнатура Баркод Номер на екземпляра Цена в евро Служебна бележка Служебен тип на артикула
  Не е изгубен Universal Decimal Classification Не е повреден само за читалня Специални фондове ( старопечатни, редки и ценни, фонд М. Арнаудов) 261230 Регионална библиотека "Любен Каравелов" Русе Регионална библиотека "Любен Каравелов" Русе Старопечатен фонд 1858-01-01 Старопечатен фонд 0.00 409-ст Цб Ст 1419 * 429 900000000200 1 0.00 Дост: DA Вид: Сф Дата: 01.01.1858 Дата инв: 02.04.2018 Бележки инв: СТ2018 Книги
Vip Innovations Ltd, Rousse, Bulgaria 2025